<?xml version="1.0" encoding="UTF-8"?>
<record
    xmlns:xsi="http://www.w3.org/2001/XMLSchema-instance"
    xsi:schemaLocation="http://www.loc.gov/MARC21/slim http://www.loc.gov/standards/marcxml/schema/MARC21slim.xsd"
    xmlns="http://www.loc.gov/MARC21/slim">

  <leader>02109nam a2200313 a 4500</leader>
  <controlfield tag="001">000009311</controlfield>
  <controlfield tag="003">DO-SdBNP</controlfield>
  <controlfield tag="005">20230420113130.0</controlfield>
  <controlfield tag="007">ta</controlfield>
  <controlfield tag="008">090929s2002    dr            000 0 spa d</controlfield>
  <datafield tag="040" ind1=" " ind2=" ">
    <subfield code="a">DO-SdBNP</subfield>
    <subfield code="b">spa</subfield>
    <subfield code="c">BNPHU</subfield>
    <subfield code="e">rda</subfield>
  </datafield>
  <datafield tag="082" ind1=" " ind2="4">
    <subfield code="a">344.02</subfield>
    <subfield code="b">R426L</subfield>
    <subfield code="2">22</subfield>
  </datafield>
  <datafield tag="110" ind1="1" ind2=" ">
    <subfield code="a">Rep&#xFA;blica Dominicana.[Leyes, etc.]</subfield>
    <subfield code="9">447</subfield>
  </datafield>
  <datafield tag="240" ind1="1" ind2="0">
    <subfield code="a">[Leyes, etc.]</subfield>
  </datafield>
  <datafield tag="245" ind1="1" ind2="0">
    <subfield code="a">Ley no. 87-01 sobre el sistema dominicano de seguridad social </subfield>
  </datafield>
  <datafield tag="264" ind1=" " ind2=" ">
    <subfield code="a">Santo Domingo :</subfield>
    <subfield code="b">AFP Reservas,</subfield>
    <subfield code="c">2002.</subfield>
  </datafield>
  <datafield tag="300" ind1=" " ind2=" ">
    <subfield code="a">177 paginas. ;</subfield>
    <subfield code="c">22 cm.</subfield>
  </datafield>
  <datafield tag="336" ind1=" " ind2=" ">
    <subfield code="2">rdacontent.</subfield>
    <subfield code="a">texto</subfield>
    <subfield code="b">txt</subfield>
  </datafield>
  <datafield tag="337" ind1=" " ind2=" ">
    <subfield code="2">rdamedia</subfield>
    <subfield code="a">sin mediaci&#xF3;n</subfield>
    <subfield code="b">n</subfield>
  </datafield>
  <datafield tag="338" ind1=" " ind2=" ">
    <subfield code="2">rdacarrier</subfield>
    <subfield code="a">volumen</subfield>
    <subfield code="b">nc</subfield>
  </datafield>
  <datafield tag="500" ind1=" " ind2=" ">
    <subfield code="a">Incluye referencias bibliogr&#xE1;ficas y notas al pie de las p&#xE1;ginas</subfield>
  </datafield>
  <datafield tag="505" ind1=" " ind2=" ">
    <subfield code="a">Principios generales 6|Beneficiarios, prestaciones y afiliaci&#xF3;n 13|Financiamiento, cotizaci&#xF3;n y subsidios 20|Direcci&#xF3;n, regulaci&#xF3;n y administraci&#xF3;n 26|Recaudo, provisi&#xF3;n y supervisi&#xF3;n 39|Per&#xED;odo de transici&#xF3;n 43/Seguro de vejez, discapacidad y sobrevivencia |Finalidad del seguro 45|Pensiones del r&#xE9;gimen contributivo 46|Pensiones del r&#xE9;gimen subsidiado 68|Pensiones del r&#xE9;gimen contributivo subsidiado 73|Servicios sociales para envejecientes 76|Administradoras de fondos de pensiones 77|Inversi&#xF3;n de los fondos de pensiones 89|Superintendencia de pensiones 98|Infracciones y sanciones 105|Seguro familiar|Finalidad, derechos y protecci&#xF3;n 109|Beneficiarios y prestaciones 112|Estancias infantiles 119|Costo y financiamiento 123|Administradora de riesgos y seguro nacional de salud 128|Prestadoras de servicios de salud 141/Transformaci&#xF3;n y desarrollo del IDSS y SESPAS 144|Sistema de contrataci&#xF3;n y pago 148|Superintendencia de salud y riesgos laborales 152|Infracciones y sanciones 159|Seguro de riesgos laborales|Finalidad y pol&#xED;ticas 164|Beneficiarios y prestaciones 165|Financiamiento, costo y salario cotizable 172</subfield>
  </datafield>
  <datafield tag="590" ind1=" " ind2=" ">
    <subfield code="a">Inventariado,2023/DG</subfield>
  </datafield>
  <datafield tag="650" ind1=" " ind2="4">
    <subfield code="a">Ley no. 87*01</subfield>
    <subfield code="9">14351</subfield>
  </datafield>
  <datafield tag="650" ind1=" " ind2="4">
    <subfield code="a">Seguridad social</subfield>
    <subfield code="x">Legislaci&#xF3;n</subfield>
    <subfield code="z">Rep&#xFA;blica Dominicana</subfield>
    <subfield code="9">14351</subfield>
  </datafield>
  <datafield tag="700" ind1=" " ind2=" ">
    <subfield code="9">24039</subfield>
  </datafield>
  <datafield tag="910" ind1=" " ind2=" ">
    <subfield code="a">DG</subfield>
  </datafield>
  <datafield tag="942" ind1=" " ind2=" ">
    <subfield code="2">ddc</subfield>
    <subfield code="c">LBS1</subfield>
  </datafield>
  <datafield tag="952" ind1=" " ind2=" ">
    <subfield code="0">0</subfield>
    <subfield code="1">0</subfield>
    <subfield code="2">ddc</subfield>
    <subfield code="5">1</subfield>
    <subfield code="7">0</subfield>
    <subfield code="8">PD</subfield>
    <subfield code="a">BNPHU</subfield>
    <subfield code="b">BNPHU</subfield>
    <subfield code="c">CT</subfield>
    <subfield code="d">2023-04-20</subfield>
    <subfield code="l">0</subfield>
    <subfield code="o">BNPHU PD 344.02 R426L</subfield>
    <subfield code="p">2023-1460</subfield>
    <subfield code="r">2023-04-20</subfield>
    <subfield code="w">2023-04-20</subfield>
    <subfield code="y">LBS1</subfield>
  </datafield>
  <datafield tag="999" ind1=" " ind2=" ">
    <subfield code="c">53321</subfield>
    <subfield code="d">53321</subfield>
  </datafield>
</record>
